Countries: After G Quiz Stats

 Plays Quiz Updated Jun 19, 2017

Also try: Countries: After M
Challenge
Share
Tweet
Embed
Score 0/11 Timer 03:00
4 Plays Today
Letter after 'G' Country Name % Correct
ENigeria
93.5%
UGuinea
92.5%
ATonga
92.2%
HGhana
86.9%
OBosnia and Herzegovina
82.8%
RSaint Vincent and the Grenadines
80.6%
YEgypt
63.4%
IGeorgia
51.8%
DUnited Kingdom
40.6%
LBangladesh
37.3%
-Luxembourg
34.8%

You're not logged in!

Compare scores with friends on all Sporcle quizzes.
Join for Free
OR
Log In

You Might Also Like...

Show Comments

Extras

Top Quizzes Today


Score Distribution

Your Account Isn't Verified!

In order to create a playlist on Sporcle, you need to verify the email address you used during registration. Go to your Sporcle Settings to finish the process.

Report this User

Report this user for behavior that violates our Community Guidelines.

Details: